Implementácia a praktické využitie modulov pri tvorbe internetových obchodov bakalárska práca

Enregistré dans:
Détails bibliographiques
Auteur principal: Šimko, Tomáš
Collectivité auteur: Fakulta hospodárskej informatiky EU. Katedra aplikovanej informatiky
Autres auteurs: Krauspe, Kamil
Format: Livre
Langue:slovaque
Publié: Bratislava 2014
Tags: Ajouter un tag
Pas de tags, Soyez le premier à ajouter un tag!

MARC

LEADER 00000nbm a2200000 4500
001 0189749
005 20170201111049.6
041 0 |a slo 
044 |a SK 
245 1 0 |a Implementácia a praktické využitie modulov pri tvorbe internetových obchodov  |b bakalárska práca  |c Tomáš Šimko ; školiteľ: Kamil Krauspe 
264 1 |a Bratislava  |c 2014 
300 |a 51 s. 
100 1 |a Šimko, Tomáš 
700 1 |a Krauspe, Kamil 
710 2 |a Fakulta hospodárskej informatiky EU. Katedra aplikovanej informatiky